International human resource management (Record no. 2196)

MARC details
000 -LEADER
fixed length control field 00640nam a22001697a 4500
020 ## - INTERNATIONAL STANDARD BOOK NUMBER
ISBN 9781844800131x
050 ## - CALL NUMBER
Classification number HF5549.5.E45 D69
100 ## - AUTHOR
Personal name Peter J. Dowling
245 ## - TITLE
Title International human resource management
Statement of responsibility, etc Peter J. Dowling, Denice E. Welch
250 ## - EDITION
Edition statement 4th ed.
260 ## - PUBLICATION INFORMATION
Place of publication Australia
Name of publisher Thomson
Year of publication 2006
300 ## - DESCRIPTION
Number of Pages xiv;325p.
500 ## - NOTES
General note Index
505 ## - FORMATTED CONTENTS NOTE
Table of Content 1. Introduction: The enduring context of HRM<br/>2. The organizational context<br/>3. IHRM: sustaining international business operations<br/>4. Recruiting and selecting staff for international assignment<br/>5. Training and development
650 ## - SUBJECTS
Topical Term Management
942 ## - ADDED ENTRY ELEMENTS (KOHA)
Koha item type Books
Holdings
Withdrawn status Lost status Collection code Home library Current library Shelving location Date acquired Full call number Accession Number Koha item type
    Non-fiction Methodist University Library Main Methodist University Library Main General Stacks 05/02/2018 HF5549.5.E45 D69 36576 Books
Copyright © 2026  MUG Library